| 000 | 01580cab a2200301 4500 | ||
|---|---|---|---|
| 001 | ABS68345 | ||
| 008 | 041015n2004 000 0 eng u | ||
| 035 | _a(Sirsi) u127720 | ||
| 100 | _aDavies, R. | ||
| 245 | _aFocus: protection systems | ||
| 260 | _c2004 | ||
| 490 |
_aFire Engineers' Journal _v64(248) September 2004, 44-53(10) |
||
| 520 | _aSeries of five articles looking at protection systems. "Integration issues" looks at the difficulties surrounding the integration of fire detection and alarm systems with other building controls. "Screen test" suggests the design and selection of fire screens involves a careful balance between aesthetics and performance. "Cladding confusion" argues that responsible persons may be confused when assessing roofing and cladding risks because of new legislation, changes in the insurance sector and only partial use of Euroclasses. "Building solutions" calls for a more holistic approach to fire protection as the UK moves towards performance-based building codes. "To B or not to B" outlines the findings of an informal consultation on possible changes to Part B of the Building Regulations. | ||
| 590 | _aABS | ||
| 650 | _aBUILDING REGULATIONS 2000 APPROVED DOCUMENT B (2002 EDITION) | ||
| 650 | _aEUROCLASSES | ||
| 650 | _aCLADDING | ||
| 650 | _aFIRE PROTECTION | ||
| 650 | _aFIRE DETECTION | ||
| 650 | _aBUILDING CODES | ||
| 650 | _aFIRE ALARM SYSTEMS | ||
| 690 |
_aHEALTH AND SAFETY _96244 |
||
| 700 | _aStatt, G. | ||
| 700 | _aParlor, B. | ||
| 700 | _aEllicott, G. | ||
| 700 | _aMartin, B. | ||
| 942 | _n0 | ||
| 999 |
_c74572 _d74572 |
||